[Event "Mittelfrank Regionalliga Sud-Ost 2223"]
[Site "Mittelfranken"]
[Date "2023.03.05"]
[Round "7.6"]
[White "Rose, Martin"]
[Black "Seisenberger, Georg"]
[Result "1-0"]
[WhiteElo "1937"]
[BlackElo "1983"]
[PlyCount "77"]
[EventDate "2022.10.09"]
[EventType "team-tourn"]
[EventRounds "9"]
[EventCountry "GER"]
[SourceTitle "EXT 2024"]
[Source "ChessBase"]
[SourceDate "2023.10.10"]
[SourceVersion "1"]
[SourceVersionDate "2023.10.10"]
[SourceQuality "1"]
[WhiteTeam "Moosburg"]
[BlackTeam "Ilmmuenster"]
[WhiteTeamCountry "GER"]
[BlackTeamCountry "GER"]

1. d4 Nf6 2. c4 e6 3. Nf3 d5 4. Nc3 Be7 5. Bg5 Nbd7 6. e3 c6 7. Qc2 0-0 8. Be2 dxc4 9. Bxc4 b5 10. Bd3 Bb7 11. Bxf6 Nxf6 12. Ne4 Nxe4 13. Bxe4 Qa5+ 14. Nd2 Bb4 15. a3 e5 16. dxe5 Bxd2+ 17. Qxd2 Qxd2+ 18. Kxd2 Rfe8 19. Rac1 Rac8 20. Rc5 Re7 21. Rhc1 g6 22. Bf3 Kg7 23. b4 Rce8 24. Bxc6 Bxc6 25. Rxc6 Rxe5 26. R1c5 Rxc5 27. Rxc5 Rb8 28. Rc7 a6 29. Rc6 a5 30. bxa5 b4 31. axb4 Rxb4 32. Kc3 Ra4 33. a6 Ra2 34. Kb3 Ra1 35. Kb4 Ra2 36. Kb5 Rb2+ 37. Kc5 Rxf2 38. a7 Ra2 39. Kb6 1-0

[Event "Mittelfrank Regionalliga Sud-Ost 2223"]
[Site "Mittelfranken"]
[Date "2023.02.05"]
[Round "6.5"]
[White "Siebert, Joachim"]
[Black "Seisenberger, Georg"]
[Result "0-1"]
[WhiteElo "1926"]
[BlackElo "1983"]
[PlyCount "82"]
[EventDate "2022.10.09"]
[EventType "team-tourn"]
[EventRounds "9"]
[EventCountry "GER"]
[SourceTitle "EXT 2024"]
[Source "ChessBase"]
[SourceDate "2023.10.10"]
[SourceVersion "1"]
[SourceVersionDate "2023.10.10"]
[SourceQuality "1"]
[WhiteTeam "Landshut"]
[BlackTeam "Ilmmuenster"]
[WhiteTeamCountry "GER"]
[BlackTeamCountry "GER"]

1. d4 Nf6 2. Nf3 d5 3. g3 Bf5 4. Bg2 e6 5. c4 c6 6. Nc3 h6 7. Qb3 Qb6 8. c5 Qc7 9. Bf4 Qc8 10. h3 Nbd7 11. g4 Bh7 12. 0-0 b6 13. cxb6 axb6 14. Rfc1 Qb7 15. Nd2 Be7 16. f3 0-0 17. Bg3 Ne8 18. e4 Nc7 19. exd5 Nxd5 20. Nxd5 exd5 21. f4 Bf6 22. Nf3 Be4 23. Ne5 Bxg2 24. Kxg2 Rfc8 25. Rc2 c5 26. Rac1 c4 27. Qf3 Rxa2 28. Nxc4 Bxd4 29. Nd6 Rxc2+ 30. Rxc2 Qa6 31. Qxd5 Qd3 32. Rc8+ Kh7 33. Qe4+ Qxe4+ 34. Nxe4 Rxb2+ 35. Kf1 Nf6 36. Nd6 Rb1+ 37. Ke2 Rb3 38. Nf5 Bc5 39. Rc7 Kg8 40. Bh4 Nd5 41. Rc8+ Kh7 0-1

[Event "Regionalliga Sued-Ost 1819"]
[Site "Bayern"]
[Date "2018.10.21"]
[Round "1.2"]
[White "Grum, Theodor"]
[Black "Seisenberger, Georg"]
[Result "0-1"]
[WhiteElo "1780"]
[BlackElo "1996"]
[PlyCount "76"]
[EventDate "2018.10.21"]
[EventType "team-tourn"]
[EventRounds "9"]
[EventCountry "GER"]
[SourceTitle "EXT 2022"]
[Source "ChessBase"]
[SourceDate "2021.10.06"]
[SourceVersion "1"]
[SourceVersionDate "2021.10.06"]
[SourceQuality "1"]
[WhiteTeam "Grafenau"]
[BlackTeam "Ilmmuenster"]
[WhiteTeamCountry "GER"]
[BlackTeamCountry "GER"]

1. e4 e6 2. d3 d5 3. Nd2 Nf6 4. Ngf3 b6 5. Qe2 Bb7 6. g3 dxe4 7. Nxe4 Nbd7 8. Bg2 Be7 9. Ne5 Bxe4 10. Bxe4 Nxe5 11. Bxa8 Qxa8 12. Qxe5 Qxh1+ 13. Ke2 Qc6 14. Bd2 Qc5 15. Qf4 0-0 16. c4 Qh5+ 17. Ke1 Bd6 18. Qg5 Qxg5 19. Bxg5 Be5 20. Rb1 h6 21. Bd2 Rd8 22. Ke2 Ng4 23. h3 Nxf2 24. Kxf2 Rxd3 25. Be3 Bd4 26. Bxd4 Rxd4 27. c5 Rd2+ 28. Ke3 Rg2 29. cxb6 axb6 30. Kf3 Rc2 31. a4 Kf8 32. Ke3 Ke7 33. Kd3 Rg2 34. Kc4 Rxg3 35. b4 Ra3 36. Kb5 f5 37. a5 bxa5 38. bxa5 e5 0-1

[Event "Regionalliga Sued-Ost 1718"]
[Site "Bayern"]
[Date "2018.04.15"]
[Round "9.4"]
[White "Gruettner, Ralf"]
[Black "Seisenberger, Georg"]
[Result "1/2-1/2"]
[WhiteElo "2057"]
[BlackElo "2004"]
[PlyCount "43"]
[EventDate "2017.10.22"]
[EventType "team-tourn"]
[EventRounds "9"]
[EventCountry "GER"]
[SourceTitle "EXT 2022"]
[Source "ChessBase"]
[SourceDate "2021.10.06"]
[SourceVersion "1"]
[SourceVersionDate "2021.10.06"]
[SourceQuality "1"]
[WhiteTeam "Freising SK"]
[BlackTeam "Ilmmuenster"]
[WhiteTeamCountry "GER"]
[BlackTeamCountry "GER"]

1. d4 e6 2. e4 d5 3. Nd2 c5 4. exd5 Qxd5 5. Ngf3 cxd4 6. Bc4 Qd7 7. 0-0 Nc6 8. Nb3 a6 9. Nbxd4 Nxd4 10. Nxd4 Bc5 11. Nf3 Nf6 12. Bf4 Qxd1 13. Raxd1 b5 14. Be2 Bb7 15. c4 bxc4 16. Bxc4 Rc8 17. Bb3 Ke7 18. Ne5 h6 19. Nd3 Bb6 20. Rfe1 Rhd8 21. Be3 Ba5 22. Bc5+ 1/2-1/2

[Event "Regionalliga Sued-Ost 1718"]
[Site "Bayern"]
[Date "2018.03.18"]
[Round "8.5"]
[White "Stoffel, Matthias"]
[Black "Seisenberger, Georg"]
[Result "1-0"]
[WhiteElo "1955"]
[BlackElo "2004"]
[PlyCount "67"]
[EventDate "2017.10.22"]
[EventType "team-tourn"]
[EventRounds "9"]
[EventCountry "GER"]
[SourceTitle "EXT 2022"]
[Source "ChessBase"]
[SourceDate "2021.10.06"]
[SourceVersion "1"]
[SourceVersionDate "2021.10.06"]
[SourceQuality "1"]
[WhiteTeam "Bruckmuehl SK"]
[BlackTeam "Ilmmuenster"]
[WhiteTeamCountry "GER"]
[BlackTeamCountry "GER"]

1. d4 d5 2. Nf3 Nf6 3. c4 c6 4. Nc3 e6 5. g3 Be7 6. Bg2 0-0 7. 0-0 dxc4 8. Ne5 Nbd7 9. Nxc4 Nb6 10. Ne5 Nfd7 11. Nf3 Nd5 12. e4 Nxc3 13. bxc3 b6 14. Be3 Bb7 15. c4 Re8 16. Qc2 Bf8 17. Rfd1 Qe7 18. a4 g6 19. Bg5 f6 20. Bc1 c5 21. d5 exd5 22. exd5 Bg7 23. Re1 Qf7 24. Bb2 Rxe1+ 25. Rxe1 Re8 26. Re4 Rxe4 27. Qxe4 Kf8 28. Qf4 Qe7 29. Bh3 f5 30. Bxg7+ Kxg7 31. Qc7 Ba6 32. Bf1 Kf6 33. Bd3 Ne5 34. Qxe7+ 1-0

[Event "Regionalliga Sued-Ost 1718"]
[Site "Bayern"]
[Date "2017.11.26"]
[Round "3.5"]
[White "Seisenberger, Georg"]
[Black "Lettl, Gerhard"]
[Result "1/2-1/2"]
[WhiteElo "2004"]
[BlackElo "1981"]
[PlyCount "51"]
[EventDate "2017.10.22"]
[EventType "team-tourn"]
[EventRounds "9"]
[EventCountry "GER"]
[SourceTitle "EXT 2022"]
[Source "ChessBase"]
[SourceDate "2021.10.06"]
[SourceVersion "1"]
[SourceVersionDate "2021.10.06"]
[SourceQuality "1"]
[WhiteTeam "Ilmmuenster"]
[BlackTeam "Tegernsee TV"]
[WhiteTeamCountry "GER"]
[BlackTeamCountry "GER"]

1. d4 d5 2. c4 c6 3. Nf3 Nf6 4. e3 e6 5. Bd3 dxc4 6. Bxc4 b5 7. Bd3 a6 8. 0-0 Nbd7 9. a4 Bb7 10. b3 Bd6 11. Bb2 Qc7 12. Nbd2 0-0 13. Rc1 Qb8 14. e4 e5 15. dxe5 Nxe5 16. Nxe5 Bxe5 17. Bxe5 Qxe5 18. Nf3 Qe7 19. Qc2 g6 20. Rfe1 Rad8 21. e5 Nd5 22. Be4 Nf4 23. Qc3 Ne6 24. Red1 c5 25. Bxb7 Qxb7 26. Qe3 1/2-1/2

[Event "Bayern-chI Bank Hofmann 21st"]
[Site "Tegernsee"]
[Date "2017.10.28"]
[Round "1"]
[White "Schnepp, Gunnar"]
[Black "Seisenberger, Georg"]
[Result "1-0"]
[WhiteElo "2349"]
[BlackElo "2090"]
[PlyCount "85"]
[EventDate "2017.10.28"]
[EventType "swiss"]
[EventRounds "9"]
[EventCountry "GER"]
[SourceTitle "CBM 181 Extra"]
[Source "ChessBase"]
[SourceDate "2017.12.12"]
[SourceVersion "1"]
[SourceVersionDate "2017.12.12"]
[SourceQuality "1"]

1. d4 d5 2. c4 c6 3. Nc3 Nf6 4. Nf3 e6 5. e3 Nbd7 6. Bd3 Bd6 7. 0-0 0-0 8. e4 dxe4 9. Nxe4 Nxe4 10. Bxe4 h6 11. Bc2 e5 12. Re1 exd4 13. Qxd4 Bc5 14. Qf4 Nf6 15. h3 Be6 16. b3 Bb4 17. Re3 Bd6 18. Qh4 Be7 19. Re2 Ng4 20. Qh5 Nf6 21. Qh4 Ng4 22. Qg3 Bd6 23. Bf4 Bxf4 24. Qxf4 Nf6 25. Nd4 Bd7 26. Rd1 Qa5 27. Bf5 Rad8 28. Rde1 Rfe8 29. Bxd7 Qxe1+ 30. Rxe1 Rxe1+ 31. Kh2 Rxd7 32. Nf5 Kh7 33. g4 Re4 34. Qb8 Re2 35. Qf8 Ne8 36. Kg3 a5 37. f3 Kg6 38. h4 Kf6 39. Kf4 g5+ 40. Kg3 gxh4+ 41. Kf4 Rd4+ 42. Nxd4 Ng7 43. Qd6+ 1-0

[Event "Regionalliga SO 1617"]
[Site "Bayern"]
[Date "2017.04.02"]
[Round "8.5"]
[White "Lettl, Gerhard"]
[Black "Seisenberger, Georg"]
[Result "1/2-1/2"]
[WhiteElo "2001"]
[BlackElo "2042"]
[PlyCount "52"]
[EventDate "2016.10.16"]
[EventType "team-tourn"]
[EventRounds "9"]
[EventCountry "GER"]
[SourceTitle "EXT 2019"]
[Source "ChessBase"]
[SourceDate "2018.10.10"]
[SourceVersion "1"]
[SourceVersionDate "2018.10.10"]
[SourceQuality "1"]
[WhiteTeam "Tegernsee"]
[BlackTeam "Ilmmuenster"]
[WhiteTeamCountry "GER"]
[BlackTeamCountry "GER"]

1. e4 e6 2. d4 d5 3. exd5 exd5 4. Bd3 Bd6 5. Ne2 Nc6 6. c3 Nge7 7. Qc2 Bg4 8. f3 Bh5 9. 0-0 Qd7 10. Bf4 0-0-0 11. Nd2 f6 12. Nb3 g5 13. Bxd6 cxd6 14. Rae1 Bg6 15. f4 Nf5 16. Ng3 Nxg3 17. hxg3 Qg4 18. Re3 gxf4 19. Rxf4 Qg5 20. Bf5+ Kb8 21. Qf2 Rde8 22. Rxe8+ Rxe8 23. Bd7 Re7 24. Bxc6 bxc6 25. Rxf6 Kc7 26. Qf4 Re1+ 1/2-1/2

[Event "Regionalliga SO 1617"]
[Site "Bayern"]
[Date "2016.11.20"]
[Round "2.4"]
[White "Seisenberger, Georg"]
[Black "Lippert, Frank"]
[Result "1/2-1/2"]
[WhiteElo "2042"]
[BlackElo "2038"]
[PlyCount "75"]
[EventDate "2016.10.16"]
[EventType "team-tourn"]
[EventRounds "9"]
[EventCountry "GER"]
[SourceTitle "EXT 2019"]
[Source "ChessBase"]
[SourceDate "2018.10.10"]
[SourceVersion "1"]
[SourceVersionDate "2018.10.10"]
[SourceQuality "1"]
[WhiteTeam "Ilmmuenster"]
[BlackTeam "Graefelfing"]
[WhiteTeamCountry "GER"]
[BlackTeamCountry "GER"]

1. d4 Nf6 2. c4 e6 3. Nc3 Bb4 4. e3 0-0 5. Nge2 d5 6. a3 Be7 7. cxd5 exd5 8. Nf4 c6 9. Bd3 a5 10. 0-0 Re8 11. Rb1 Nbd7 12. b4 axb4 13. axb4 Nf8 14. f3 Ne6 15. Nfe2 b6 16. Kh1 c5 17. Bb5 Bd7 18. bxc5 bxc5 19. dxc5 Bxb5 20. Nxb5 Nxc5 21. Ned4 Qd7 22. Qc2 Rec8 23. Qf5 Ne6 24. Bb2 Rab8 25. Qd3 Rc4 26. Nxe6 fxe6 27. Nd4 Rcb4 28. Bc3 Rxb1 29. Rxb1 Rxb1+ 30. Qxb1 Kf7 31. Kg1 Bc5 32. Kf2 e5 33. Nb3 Bd6 34. Qb2 e4 35. Be5 exf3 36. gxf3 Qc7 37. Bxf6 gxf6 38. Qb1 1/2-1/2

[Event "Regionalliga SO 1516"]
[Site "Bayern"]
[Date "2016.01.31"]
[Round "6.3"]
[White "Hofmann, Juergen2222"]
[Black "Seisenberger, Georg"]
[Result "1-0"]
[WhiteElo "2159"]
[BlackElo "2040"]
[PlyCount "99"]
[EventDate "2015.10.11"]
[EventType "team-tourn"]
[EventRounds "9"]
[EventCountry "GER"]
[SourceTitle "EXT 2018"]
[Source "ChessBase"]
[SourceDate "2017.10.13"]
[SourceVersion "1"]
[SourceVersionDate "2017.10.13"]
[SourceQuality "1"]
[WhiteTeam "Graefelfing"]
[BlackTeam "Ilmmuenster"]
[WhiteTeamCountry "GER"]
[BlackTeamCountry "GER"]

1. e4 c5 2. Nf3 e6 3. Nc3 Nc6 4. Bb5 Nd4 5. a4 g6 6. Nxd4 cxd4 7. Ne2 Bg7 8. c3 e5 9. b3 Ne7 10. Ba3 a6 11. Bc4 d6 12. cxd4 exd4 13. Bb2 Nc6 14. Nf4 Qg5 15. g3 Bg4 16. f3 Bd7 17. Nd5 0-0 18. Ba3 Qe5 19. d3 Rad8 20. Qd2 Bc8 21. 0-0 Qh5 22. f4 Be6 23. b4 b5 24. axb5 axb5 25. Bxb5 Bxd5 26. exd5 Qxd5 27. Bc4 Qh5 28. Rae1 Ra8 29. Qb2 Rfe8 30. Qb3 Rf8 31. Rc1 Rae8 32. Rce1 Re2 33. Rxe2 Qxe2 34. Qd1 Qe3+ 35. Kg2 Re8 36. Bb5 Qe2+ 37. Qxe2 Rxe2+ 38. Rf2 Rxf2+ 39. Kxf2 Nd8 40. Bc4 Bf8 41. Bd5 Ne6 42. Kf3 Nc7 43. Ke4 Nb5 44. Bb2 Bg7 45. Bb3 Kf8 46. Kd5 Ke7 47. Kc6 Na7+ 48. Kb6 Nc8+ 49. Kc7 Na7 50. Ba4 1-0

[Event "Schwarzach op 30th"]
[Site "Schwarzach"]
[Date "2015.08.22"]
[Round "1"]
[White "Stark, Lars"]
[Black "Seisenberger, Georg"]
[Result "1-0"]
[WhiteElo "2437"]
[BlackElo "2109"]
[PlyCount "45"]
[EventDate "2015.08.22"]
[EventType "swiss"]
[EventRounds "9"]
[EventCountry "AUT"]
[SourceTitle "EXT 2016"]
[Source "ChessBase"]
[SourceDate "2015.10.08"]
[SourceVersion "1"]
[SourceVersionDate "2015.10.08"]
[SourceQuality "1"]

1. c4 Nf6 2. g3 c6 3. Nf3 d5 4. Bg2 Bf5 5. cxd5 cxd5 6. Qb3 Qb6 7. Qxb6 axb6 8. Nc3 Nc6 9. d3 e5 10. Bg5 Bb4 11. 0-0 d4 12. Nb5 0-0 13. a3 Ra5 14. Nbxd4 exd4 15. axb4 Rb5 16. Bd2 Re8 17. Rfe1 h6 18. Kf1 Nd5 19. Ra4 g5 20. Rea1 Kg7 21. Rc1 Bh7 22. Rxc6 bxc6 23. Nxd4 1-0

[Event "Regionalliga SO 1415"]
[Site "Bayern"]
[Date "2015.01.18"]
[Round "5.3"]
[White "Seisenberger, Georg"]
[Black "Ovsepyan, Arshak"]
[Result "0-1"]
[WhiteElo "2040"]
[BlackElo "2090"]
[PlyCount "58"]
[EventDate "2014.10.19"]
[EventType "team-tourn"]
[EventRounds "9"]
[EventCountry "GER"]
[SourceTitle "EXT 2018"]
[Source "ChessBase"]
[SourceDate "2017.10.13"]
[SourceVersion "1"]
[SourceVersionDate "2017.10.13"]
[SourceQuality "1"]
[WhiteTeam "Ilmmuenster"]
[BlackTeam "Graefelfing"]
[WhiteTeamCountry "GER"]
[BlackTeamCountry "GER"]

1. d4 d5 2. c4 e6 3. Nc3 Nf6 4. Bg5 Be7 5. cxd5 exd5 6. e3 0-0 7. Bd3 Nbd7 8. Qc2 h6 9. Bh4 c5 10. Nf3 Qa5 11. 0-0 c4 12. Bf5 Bb4 13. Nd2 Re8 14. e4 Bxc3 15. bxc3 dxe4 16. Bxd7 Nxd7 17. Nxe4 Qh5 18. Bg3 Nb6 19. Rfe1 Bf5 20. f3 Nd5 21. Qd2 b5 22. Nd6 Rxe1+ 23. Rxe1 b4 24. Nxf5 Qxf5 25. cxb4 c3 26. Qc1 c2 27. Qd2 Rc8 28. Bd6 Nc3 29. Re5 Qxe5 0-1

[Event "Regionalliga SO 1415"]
[Site "Bayern"]
[Date "2014.12.07"]
[Round "4.3"]
[White "Mayr, Florian"]
[Black "Seisenberger, Georg"]
[Result "0-1"]
[WhiteElo "2092"]
[BlackElo "2040"]
[PlyCount "31"]
[EventDate "2014.10.19"]
[EventType "team-tourn"]
[EventRounds "9"]
[EventCountry "GER"]
[SourceTitle "EXT 2018"]
[Source "ChessBase"]
[SourceDate "2017.10.13"]
[SourceVersion "1"]
[SourceVersionDate "2017.10.13"]
[SourceQuality "1"]
[WhiteTeam "Starnberger See"]
[BlackTeam "Ilmmuenster"]
[WhiteTeamCountry "GER"]
[BlackTeamCountry "GER"]

1. e4 c5 2. Nf3 e6 3. d4 cxd4 4. Nxd4 Nc6 5. c4 Nf6 6. Nc3 Bb4 7. f3 d5 8. Nxc6 bxc6 9. e5 Nd7 10. f4 f6 11. Bd2 fxe5 12. Qh5+ g6 13. Qh3 Qf6 14. fxe5 Qxe5+ 15. Kd1 d4 16. a3 0-1

[Event "Schwarzach op 27th"]
[Site "Schwarzach"]
[Date "2012.08.22"]
[Round "5"]
[White "Banas, Jan"]
[Black "Seisenberger, Georg"]
[Result "1-0"]
[WhiteElo "2285"]
[BlackElo "2086"]
[PlyCount "79"]
[EventDate "2012.08.18"]
[EventType "swiss"]
[EventRounds "9"]
[EventCountry "AUT"]
[SourceTitle "CBM 150 Extra"]
[Source "ChessBase"]
[SourceDate "2012.10.19"]
[SourceVersion "1"]
[SourceVersionDate "2012.10.19"]
[SourceQuality "1"]

1. c4 Nf6 2. Nc3 c5 3. Nf3 d5 4. cxd5 Nxd5 5. e3 Nc6 6. Bb5 e6 7. Ne5 Bd7 8. Bxc6 Bxc6 9. Nxc6 bxc6 10. Qa4 Qd7 11. 0-0 Be7 12. b3 Rb8 13. Ba3 Nb4 14. Bxb4 Rxb4 15. Qa6 0-0 16. Rfd1 f5 17. Rac1 f4 18. f3 Rf5 19. Qe2 a5 20. Rc2 Re5 21. h3 Qa7 22. Kh1 c4 23. bxc4 Qb7 24. Ne4 fxe3 25. d4 Rh5 26. Qxe3 Rb1 27. Rxb1 Qxb1+ 28. Qc1 Qb8 29. Rb2 Qc8 30. Qf4 e5 31. dxe5 Rf5 32. Rb8 Rxf4 33. Rxc8+ Kf7 34. Rxc6 Ke8 35. c5 Kd7 36. Ra6 Rf5 37. e6+ Kc7 38. Ra7+ Kd8 39. Nd6 Rd5 40. Rd7# 1-0

[Event "Schwarzach op 27th"]
[Site "Schwarzach"]
[Date "2012.08.20"]
[Round "3"]
[White "Rolletschek, Heinrich"]
[Black "Seisenberger, Georg"]
[Result "1/2-1/2"]
[WhiteElo "2253"]
[BlackElo "2086"]
[PlyCount "38"]
[EventDate "2012.08.18"]
[EventType "swiss"]
[EventRounds "9"]
[EventCountry "AUT"]
[SourceTitle "CBM 150 Extra"]
[Source "ChessBase"]
[SourceDate "2012.10.19"]
[SourceVersion "1"]
[SourceVersionDate "2012.10.19"]
[SourceQuality "1"]

1. e4 c5 2. Nf3 e6 3. d3 Nc6 4. g3 g6 5. Bg2 Bg7 6. c3 Nge7 7. 0-0 0-0 8. Re1 e5 9. Be3 d6 10. Na3 h6 11. Qd2 Kh7 12. Nc2 f5 13. Rf1 b6 14. exf5 gxf5 15. Nfe1 d5 16. f4 e4 17. dxe4 dxe4 18. Rf2 Be6 19. Qxd8 Raxd8 1/2-1/2

[Event "Pardubice Czech op-B 23rd"]
[Site "Pardubice"]
[Date "2012.07.27"]
[Round "8"]
[White "Gafner, Evgeny J"]
[Black "Seisenberger, Georg"]
[Result "1-0"]
[WhiteElo "2262"]
[BlackElo "2086"]
[PlyCount "67"]
[EventDate "2012.07.20"]
[EventType "swiss"]
[EventRounds "9"]
[EventCountry "CZE"]
[SourceTitle "EXT 2013"]
[Source "ChessBase"]
[SourceDate "2012.11.22"]
[SourceVersion "1"]
[SourceVersionDate "2012.11.22"]
[SourceQuality "1"]

1. e4 c5 2. Nf3 e6 3. d4 cxd4 4. Nxd4 Nc6 5. Nc3 Qc7 6. g3 a6 7. Bg2 d6 8. 0-0 Bd7 9. Re1 Be7 10. Nxc6 bxc6 11. b3 Nf6 12. Bb2 0-0 13. Na4 e5 14. c4 Bg4 15. Qc2 Nd7 16. Rac1 c5 17. Nc3 Be6 18. Qd2 Nb8 19. f4 f6 20. Nd5 Qb7 21. Nxe7+ Qxe7 22. Rcd1 Rd8 23. fxe5 fxe5 24. Bxe5 Bg4 25. Bxd6 Bxd1 26. Rxd1 Qa7 27. e5 Nd7 28. Bxa8 Rxa8 29. Qd5+ Kh8 30. Rf1 Nb6 31. Qf7 Qxf7 32. Rxf7 Re8 33. Bxc5 Kg8 34. e6 1-0

[Event "Latschach op 27th"]
[Site "Latschach"]
[Date "2011.08.15"]
[Round "4"]
[White "Seisenberger, Georg"]
[Black "Barthel, Ansgar"]
[Result "0-1"]
[WhiteElo "2055"]
[BlackElo "2224"]
[PlyCount "64"]
[EventDate "2011.08.13"]
[EventType "swiss"]
[EventRounds "9"]
[EventCountry "AUT"]
[SourceTitle "CBM 143 Extra"]
[Source "ChessBase"]
[SourceDate "2011.08.29"]
[SourceVersion "1"]
[SourceVersionDate "2011.08.29"]
[SourceQuality "1"]

1. d4 Nf6 2. c4 g6 3. Nc3 Bg7 4. e4 d6 5. Nf3 0-0 6. h3 c5 7. d5 b5 8. cxb5 a6 9. a4 Qa5 10. Bd2 axb5 11. Bxb5 Ba6 12. Ra3 Ne8 13. 0-0 Nc7 14. Re1 Qb6 15. Bxa6 Nbxa6 16. Rb3 Nb4 17. Be3 Qa6 18. Qd2 Rfb8 19. Bh6 Bh8 20. Rb1 Qc4 21. Ra3 Qd3 22. Qxd3 Nxd3 23. Nd1 Nxb2 24. Nxb2 Bxb2 25. Ra2 Bc3 26. Rxb8+ Rxb8 27. Kf1 f5 28. exf5 gxf5 29. Nh4 f4 30. Bxf4 Nxd5 31. Bg5 Ba5 32. Nf5 Rb1+ 0-1

[Event "Regionalliga SO 1011"]
[Site "Bayern"]
[Date "2011.02.27"]
[Round "7.8"]
[White "Stoppel, Michael"]
[Black "Seisenberger, Georg"]
[Result "0-1"]
[WhiteElo "1785"]
[BlackElo "1972"]
[PlyCount "73"]
[EventDate "2010.10.10"]
[EventType "team-tourn"]
[EventRounds "9"]
[EventCountry "GER"]
[SourceTitle "EXT 2012"]
[Source "ChessBase"]
[SourceDate "2011.11.24"]
[SourceVersion "1"]
[SourceVersionDate "2011.11.24"]
[SourceQuality "1"]
[WhiteTeam "Trostberg"]
[BlackTeam "Ilmmuenster"]
[WhiteTeamCountry "GER"]
[BlackTeamCountry "GER"]

1. e4 c5 2. Nf3 e6 3. d4 cxd4 4. Nxd4 Nc6 5. Nc3 Qc7 6. Be3 a6 7. Bd3 b5 8. a3 Bb7 9. 0-0 Nf6 10. Kh1 h5 11. f4 Ng4 12. Bg1 Nxd4 13. Bxd4 Bc5 14. Bxc5 Qxc5 15. Qe2 0-0-0 16. Nd1 d5 17. e5 Kc7 18. a4 Bc6 19. axb5 axb5 20. b4 Qxb4 21. Ra7+ Bb7 22. Bxb5 Qc5 23. Ra2 d4 24. Bd3 Bd5 25. Rb2 Rb8 26. Rxb8 Kxb8 27. h3 Ne3 28. Nxe3 dxe3 29. Re1 Qc6 30. Qf1 Qc5 31. Qg1 Kc7 32. Qxe3 Qc6 33. Qf2 Rb8 34. Ra1 g6 35. Ra5 Kd8 36. Ra7 Rb1+ 37. Kh2 0-1